| Tag |
First Indicator |
Second Indicator |
Subfields |
| LEADER |
00000cam a2200000 a 4500 |
| 001 |
in00000070862 |
| 005 |
20151008061935.0 |
| 008 |
760927s1744 ie 00010 eng d |
| 035 |
|
|
|a (OCoLC)02466521
|
| 035 |
|
|
|9 AAJ9180AM
|
| 040 |
|
|
|a RRR
|c RRR
|d m.c.
|d TXA
|d UtOrBLW
|
| 049 |
|
|
|a TXAM
|c [1195129]
|
| 090 |
|
|
|a RM81
|b .B4 1744
|
| 100 |
1 |
|
|a Berkeley, George,
|d 1685-1753.
|
| 245 |
1 |
0 |
|a Siris :
|b a chain of philosophical reflexions and inquiries concerning the virtues of tar water, and divers other subjects connected together and arising one from another /
|c by George Berkeley.
|
| 250 |
|
|
|a 2nd ed. / improved and corrected by the author.
|
| 264 |
|
1 |
|a Dublin, Ireland :
|b W. Innys,
|c 1744.
|
| 300 |
|
|
|a 174 pages ;
|c 21 cm.
|
| 336 |
|
|
|a text
|b txt
|2 rdacontent
|
| 337 |
|
|
|a unmediated
|b n
|2 rdamedia
|
| 338 |
|
|
|a volume
|b nc
|2 rdacarrier
|
| 650 |
|
0 |
|a Therapeutics
|v Early works to 1800.
|
| 650 |
|
0 |
|a Alchemy.
|
| 999 |
|
|
|a MARS
|
| 999 |
f |
f |
|s e6119ac3-1ee1-35e9-bb3c-277722d880af
|i d8df07fd-ef65-3b0e-b126-6bc8c00ebf90
|t 0
|
| 952 |
f |
f |
|p ric
|a Texas A&M University
|b Rellis Campus
|c Joint Library Facility
|d Remote Storage
|t 0
|e RM81 .B4 1744
|h Library of Congress classification
|i unmediated -- volume
|m A14806232610
|
| 998 |
f |
f |
|a RM81 .B4 1744
|t 0
|l Remote Storage
|